Annuaire de Statistiques Regionales 1982 Royaume de Belgique

Gespeichert in:
Bibliographische Detailangaben
Format: Buch
Sprache:Französisch
Veröffentlicht: Bruxelles Institut National de Statistique 1982
Schlagworte:
Tags: Tag hinzufügen
Keine Tags, Fügen Sie das erste Tag hinzu!

MARC

LEADER 00000nam a2200000 4500
001 c115614
005 20251216092658.9
041 0 |a fre 
044 |a BE 
245 1 0 |a Annuaire de Statistiques Regionales 1982  |b Royaume de Belgique 
264 1 |a Bruxelles  |b Institut National de Statistique  |c 1982 
300 |a 204 s. 
610 2 0 |a Belgicko 
610 2 0 |a situácia hospodárska